| 000 | 04090 a2200469 4500 | ||
|---|---|---|---|
| 001 | 44547 | ||
| 005 | 20260407155722.0 | ||
| 008 | 260407a1995 arg spa d | ||
| 003 | AR-UNSa-BCEJYS | ||
| 040 |
_aAR-UNSa-BCEJYS _bspa _cAR-UNSa-BCEJYS |
||
| 080 |
_a342 _xDerecho constitucional (Derecho Público) |
||
| 245 | 1 | 0 | _aDerecho constitucional de la reforma de 1994 |
| 264 | 1 |
_aBuenos Aires : _bEdiciones Depalma _c1995 |
|
| 300 |
_a2 v. (558 ; 451 p.) _c23 cm. |
||
| 505 | _aVol. I: 1. Sistemas y Régimen Político Argentino. ¿Ha cambiado con la Reforma de 1994? / Dardo Pérez Guilhou - 2. La defensa de la Constitución / Juan Fernando Segovia - 3. Reforma de la Constitución Nacional / Eduardo Fernando Luna - 4. Supremacía de la Constitución. El Nuevo Orden / María Celia Castorina de Tarquini - 5. Derechos Individuales en la Constitución Nacional / Dardo José Pérez Hualde - 6. Derechos Sociales en la Constitución Argentina / Dardo José Pérez Hualde - 7. Derechos de los Trabajadores: Reforma Constitucional y Legislación Nacional / Carlos Alberto Livellara - 8. La protección de los Indígenas / Gonzalo Segovia y Juan Fernando Segovia - 9. Constitución Nacional y Medio Ambiente / Felipe Seisdedos - 10. Ejercicio Pleno de los Derechos Políticos y Partidos Políticos / Rubén Morales - 11. Formas de participación Directa en la Democracia Representativa / José Luis Martínez Peroni - 12. Amparo, Hábeas Data y Hábeas Corpus en la Reforma de 1994 / Felipe Seisdedos - 13. La Autonomía en la Constitución Nacional / ^Patricia Raquel Martínez - 14. El Proceso de Formación de las Leyes en la Constitución Nacional Reformada en 1994 / María Luisa Giunta - 15. El Silencio del Congreso / Alejandro Pérez Hualde - 16. El Senado por Venir / Walter José Cueto -- Vol. II: 17. Los Tratados de Integración y la Reforma Constitucional / Ismael Farrando - 18. Considerciones sobre los Establecimientos de Utilidad Nacional en la Constitución Nacional / María Gabriela Ábalos de Mosso - 19. La Auditoría General de la Nación / Eduardo Estrada - 20. El Defensor del Pueblo / Eduardo Fernando Luna - 21. El Poder Ejecutivo / Dardo Pérez Guilhou - 22. La Reforma de la Constitución y el Jefe de Gabinete / Daniel Gómez Sanchís - 23. Decretos de Necesidad y Urgencia: Su Ley Especial / Alejandro Pérez Hualde - 24. El Poder Judicial en la Reforma Constitucional / Aída Kemelmajer de Carlucci - 25. El Ministerio Público en la Reforma Constitucional de 1994 / Jorge A. Coussirat - 26. El Régimen Federal y la Reforma Constitucional / María Celia Castorina de Tarquini - 27. La Región y la Reforma Constitucional / María Celia Castorina de Tarquiri - 28. Las Provincias y los Convenios Internacionales / Mónica Buj Montero - 29. Reflexiones sobre el Régimen Municipal en la Constitución Nacional / María Gabriela Abalos de Mosso - 30. Aspectos en Torno a la Ciudad de Buenos Aires en la Constitución Nacional / María Gabriela Abalos de Mosso - | ||
| 041 | _aspa | ||
| 942 | _cBK | ||
| 590 | _aniveau_biblio:m niveau_hierar:0 | ||
| 100 | 1 | _aPérez Guilhou, Dardo | |
| 700 | 1 | _aInstituto Argentino de Estudios Constitucionales y Políticos | |
| 700 | 1 | _aSeisdedos, Felipe | |
| 700 | 1 | _aAbalos de Mosso, María Gabriela | |
| 700 | 1 | _aBuj Montero, Mónica | |
| 700 | 1 | _aCastorina de Tarquini, María Celia | |
| 700 | 1 | _aCoussirat, Jorge A. | |
| 700 | 1 | _aCueto, Walter José | |
| 700 | 1 | _aEstrada, Eduardo | |
| 700 | 1 | _aFarrando, Ismael | |
| 700 | 1 | _aGuinta, María Luisa | |
| 700 | 1 | _aGómez Sanchís, Daniel | |
| 700 | 1 | _aKemelmajer de Carlucci, Aída | |
| 700 | 1 | _aLivellara, Carlos Alberto | |
| 700 | 1 | _aLuna, Eduardo Fernando | |
| 700 | 1 | _aMartínez, Patricia Raquel | |
| 700 | 1 | _aMartínez Peroni, José Luis | |
| 700 | 1 | _aMorales, Rubén | |
| 700 | 1 | _aPérez Hualde, Dardo José | |
| 700 | 1 | _aPérez Hualde, Alejandro | |
| 700 | 1 | _aSegovia, Juan Fernando | |
| 700 | 1 | _aSegovia, Gonzalo | |
| 856 | 4 | 1 |
_uhttps://www.biblioeco.unsa.edu.ar/pmb/images/libros/L70198.jpg _yImagen de portada _qimage/jpeg |
| 999 |
_c3794 _d3794 |
||